Human resource management in construction : (Record no. 18194)
[ view plain ]
| 000 -LEADER | |
|---|---|
| fixed length control field | 01009cam a22002895a 4500 |
| 001 - CONTROL NUMBER | |
| control field | 17033845 |
| 005 - DATE AND TIME OF LATEST TRANSACTION | |
| control field | 20150928121851.0 |
| 008 - FIXED-LENGTH DATA ELEMENTS--GENERAL INFORMATION | |
| fixed length control field | 111104s2012 enka frb 001 0 eng d |
| 010 ## - LIBRARY OF CONGRESS CONTROL NUMBER | |
| LC control number | 2011045601 |
| 020 ## - INTERNATIONAL STANDARD BOOK NUMBER | |
| International Standard Book Number | 0415593077 |
| 020 ## - INTERNATIONAL STANDARD BOOK NUMBER | |
| International Standard Book Number | 9780415593076 |
| 040 ## - CATALOGING SOURCE | |
| Original cataloging agency | DLC |
| Transcribing agency | DLC |
| Language of cataloging | eng |
| Modifying agency | EG-ScBUE |
| 082 04 - DEWEY DECIMAL CLASSIFICATION NUMBER | |
| Classification number | 624.0683 |
| Item number | HUM |
| Edition number | 22 |
| 245 00 - TITLE STATEMENT | |
| Title | Human resource management in construction : |
| Remainder of title | critical perspectives / |
| Statement of responsibility, etc | edited by Andrew Dainty and Martin Loosemore. |
| 250 ## - EDITION STATEMENT | |
| Edition statement | 2nd ed. |
| 260 ## - PUBLICATION, DISTRIBUTION, ETC. (IMPRINT) | |
| Place of publication, distribution, etc | Oxon ; |
| -- | New York : |
| Name of publisher, distributor, etc | Routledge / Taylor & Francis Group, |
| Date of publication, distribution, etc | 2012. |
| 300 ## - PHYSICAL DESCRIPTION | |
| Extent | xxi, 296 p. : |
| Other physical details | ill. ; |
| Dimensions | 24 cm. |
| 500 ## - GENERAL NOTE | |
| General note | Index : p. 281-296. |
| 504 ## - BIBLIOGRAPHY, ETC. NOTE | |
| Bibliography, etc | Includes bibliographical references. |
| 650 #7 - SUBJECT ADDED ENTRY--TOPICAL TERM | |
| Topical term or geographic name as entry element | Construction industry |
| General subdivision | Personnel management. |
| 9 (RLIN) | 35840 |
| Source of heading or term | BUEsh |
| 651 ## - SUBJECT ADDED ENTRY--GEOGRAPHIC NAME | |
| Source of heading or term | BUEsh |
| 653 ## - INDEX TERM--UNCONTROLLED | |
| Resource For college | Engineering, Architecture |
| Arrived date list | March2014 |
| -- | August2015 |
| 655 ## - INDEX TERM--GENRE/FORM | |
| Form subdivision | Reading book |
| -- | 34232 |
| 700 1# - ADDED ENTRY--PERSONAL NAME | |
| Personal name | Dainty, Andrew, |
| Relator term | editor. |
| 9 (RLIN) | 12179 |
| 700 1# - ADDED ENTRY--PERSONAL NAME | |
| Personal name | Loosemore, Martin, |
| Dates associated with a name | 1962-, |
| Relator term | editor. |
| 9 (RLIN) | 35841 |
| 942 ## - ADDED ENTRY ELEMENTS (KOHA) | |
| Source of classification or shelving scheme | Dewey Decimal Classification |
| Call number prefix | 624.0683 HUM |
| Withdrawn status | Item status | Source of classification or shelving scheme | Damaged status | Not for loan | Vendor | Home library | Current library | Shelving location | Date acquired | Source of acquisition | Cost, normal purchase price | Total Checkouts | Full call number | Barcode | Date last seen | Cost, replacement price | Koha item type | Serial Enumeration / chronology | Total Renewals | Date last borrowed |
|---|---|---|---|---|---|---|---|---|---|---|---|---|---|---|---|---|---|---|---|---|
| Dewey Decimal Classification | Baccah | Central Library | Central Library | First floor | 31/03/2014 | 850.00 | 624.0683 HUM | 000035848 | 15/07/2025 | 1062.50 | NB - Book (Non borrowing) | |||||||||
| Dewey Decimal Classification | Baccah | Central Library | Central Library | First floor | 16/08/2015 | 315.00 | 3 | 624.0683 HUM | 000030754 | 15/07/2025 | 394.00 | Book - Borrowing | 21782 | 3 | 16/10/2019 |